01808nam a2200397 i 4500003000900000005001700009007000300026008004100029020001800070040000700088043001200095082002500107245015700132246007700289250002800366264008200394264004500476264001000521300008800531336002700619337002800646338002800674500002600702585018500728610005500913650006600968650004301034655001801077655001701095655003201112700005001144710004501194942001201239952014201251999001701393CL-SaCFP20260413172446.0ta250425s2025 amcach c 000 0 spa  a9789567629756 cCL as-cl---04a983.003 I61 202522100aInternet de papel :bla enciclopedia chilena de la Biblioteca del Congreso Nacional 1948-1971kcatálogoccoordinadora: Macarena Ponce de León Atria.30aLa enciclopedia chilena de la Biblioteca del Congreso Nacional 1948-1971 aPrimera edición 2025. 1aSantiago de Chile :bEdiciones Biblioteca del Congreso Nacional Chile,c2025. 3a[Chile] :bFeyser etiquetas Spa.,c2025. 4cc2025 a112 páginas :bilustraciones (algunas en color), retratos, facsímiles ;c23 cm. atextobtxt2rdacontent ano mediadobn2rdamedia avolumenbnc2rdacarrier aTexto a dos columnas. aExposición realizada en el edificio del la Sala Chile del Congreso Nacional en la sede de Santiago de Chile y en la sede de Valparaíso, entre diciembre de 2024 y junio de 2025.27aBiblioteca del Congreso Nacional (Chile)xHistoria 7aEnciclopedias y diccionarios españoleszChilevExposiciones 7aBibliotecaszChilexHistoriaySiglo 20 7aEnciclopedias 7aExposiciones 7aCatálogos de exposiciones1 aPonce de León Atria, Macarenaecoordinadora2 aBiblioteca del Congreso Nacional (Chile) 2ddccMN 00102ddc40708CGaBCbBCcCGd2026-04-13eDonación BCNl0o983.003 I61 2025p3563000054687r2026-04-13 17:28:22tc.1w2026-04-13yMN c16357d16357